Регионална библиотека "Любен Каравелов" - Русе

Хранене на пшеницата и царевицата (Запис номер 185785)

MARC детайли
000 -Лидер
Контролно поле с фиксирана дължина 01282nam a2200325 a 4500
003 - Код на организацията, давaща контролен номер
Контролно поле BLK
005 - Дата и час на последна редакция
Контролно поле 20240224160446.0
008 - Елементи от данни с фиксирана дължина
fixed length control field 180411b bul|||||r ||||||| ||bul||
010 ## - Наследен системен номер
LC control number KNG00194779000
040 ## - Източник на каталожния запис
Идентификатор на билиотеката - собственик на записа BLK
041 ## - Код за език
Код за езика на текст/звукозапис или на отделно заглавие Български
Код за езика КДБФ Български
080 ## - УДК
Текстов определител УДК Пшеница
УДК код - определител по УДК 633.11
УДК - код + определител 633.11
080 ## - УДК
Текстов определител УДК Царевица
УДК код - определител по УДК 633.15
УДК - код + определител 633.15
100 1# - Редна дума - Автор
Автор Къдрев, Тодор Георгиев
Авторска отговорност първи автор
R(LIN) 314808
139 ## - Редно поле
Редна дума Къдрев, Тодор Георгиев
Авторски знак Кую - К 95
245 10 - Сведения за заглавието
Заглавие Хранене на пшеницата и царевицата
Подзаглавни данни Моногр.
Редно поле (дума) Тодор Георгиев Къдрев
257 ## - Страна на издаване
Страна на създаване/издаване България
260 ## - Област на издателските данни
Място на издаване, разпространение и проч. София
Име на издателя, разпространителя и проч. БАН
Година на издаване 1977
300 ## - Физическа характеристика
Страници 172 с.
Илюстрации и др. с черт., табл., диагр., 1 л. ил.
Размери/Мащаб 21 см
380 ## - Жанр
Жанр Селско стопанство
500 ## - Общи забележки
Забележка Изд. на БАН. Инст. по физиология на растенията.
504 ## - Забележка за наличие на библиография и др
Забележка за наличие на библиография и под. Библиогр. с. 158-169.
650 #4 - Допълнително описание по предмет – тема
Основно описание – тема или топоним Пшеница - отглеждане
9 (RLIN) 326620
650 #4 - Допълнително описание по предмет – тема
Основно описание – тема или топоним Царевица - селекция и отглеждане
9 (RLIN) 260957
852 ## - Местоположение
Форматна сигнатура Цб 88484
Фондова буква Хранилище
856 4# - Електронен адрес и достъп
Електронен формат pdf - файл
Инструкция (цена за достъп) 0.00
Права за достъп disable
999 ## - СИСТЕМНИ КОНТРОЛНИ НОМЕРА
Koha biblionumber 185785
Koha biblioitemnumber 185785
942 ## - АРТИКУЛИ
Вид на библиотечния материал Книги
Скрит в OPAC Не
Koha issues (borrowed), all copies 4
Периодичен библиозапис Да
944 ## - СЪЗДАВАНЕ И РЕДАКЦИЯ на ЗАПИСА
Създаване/Редакция Създаване
Дата на регистрацията/редакция 31.10.2016
Служител, извършил регистрацията/редакцията 30546
Статус, дата на статуса Ренета Константинова
944 ## - СЪЗДАВАНЕ И РЕДАКЦИЯ на ЗАПИСА
Създаване/Редакция Редакция
Дата на регистрацията/редакция 31.10.2016
Служител, извършил регистрацията/редакцията Кети_Илиева
Наличности
Код за отписване Код за изгубен артикул Източник на класификационната схема Код за повреда Коз за рестрикции Код за отдаване Артикулен № Име на библиотеката - собственик Име на библиотеката, в която се намира в момента Статус (Текущо местоположение) Дата на вписване в системата Местоположение - отдел Цена в лева Инвентарен номер Систематично азбучна сигнатура Баркод Номер на екземпляра Цена в евро Служебна бележка Служебен тип на артикула
  Не е изгубен Universal Decimal Classification Не е повреден само за читалня ползва се в читалня 322506 Регионална библиотека "Любен Каравелов" Русе Регионална библиотека "Любен Каравелов" Русе Хранилище 1977-01-01 Хранилище 1.48 234618 Цб 88484 120000234618 1 0.76 Вид: Сф Дата: 01.01.1977 Книги
  Не е изгубен Universal Decimal Classification Не е повреден без рестрикции заемане за дома 322507 Регионална библиотека "Любен Каравелов" Русе Регионална библиотека "Любен Каравелов" Русе Заемна - подръчен фонд 1977-01-01 Заемна - подръчен фонд 1.48 245043 П 633.1/К 95 120000245043 2 0.76 Вид: Сф Дата: 01.01.1977 Дата инв: 06.02.2018 Бележки инв: П2018 Книги
Vip Innovations Ltd, Rousse, Bulgaria 2025